00403nam a22001457a 4500003000400000005001700004008004100021020001500062050002100077082002000098100001900118245005900137260004100196300002000237OSt20140310182256.0121114t xxu||||| |||| 00| 0 eng d a0590438190 aPZ 7b.C748 1983 aFIC bC76t 1983 aEllen, Conford aIf this is love, i'll take spaghetti /cEllen Conford. aNew York :bScholastic Inc.,cc1983. a165 p. :c17 cm